ՀՀ Գիտությունների ազգային ակադեմիայի հիմնարար գիտական գրադարան  =   Fundamental Scientific Library of NAS RA

Вредители и болезни гороха и кормовых бобов в Иркутской области / (Record no. 519370)

MARC details
000 -LEADER
fixed length control field 00863nam a2200229 a 4500
001 - CONTROL NUMBER
control field 000908261
003 - CONTROL NUMBER IDENTIFIER
control field AM-YEHGA
005 - DATE AND TIME OF LATEST TRANSACTION
control field 20250617164205.0
008 - FIXED-LENGTH DATA ELEMENTS--GENERAL INFORMATION
fixed length control field 120727s1962 ru r 000 0 rus d
040 ## - CATALOGING SOURCE
Original cataloging agency AM-YeHGA
041 0# - LANGUAGE CODE
Language code of text/sound track or separate title rus
090 ## - LOCALLY ASSIGNED LC-TYPE CALL NUMBER (OCLC); LOCAL CALL NUMBER (RLIN)
-- 522932
100 1# - MAIN ENTRY--PERSONAL NAME
Personal name Арсеньева, М.В.
245 10 - TITLE STATEMENT
Title Вредители и болезни гороха и кормовых бобов в Иркутской области /
Statement of responsibility, etc. М.В. Арсеньева, С.А. Кулик; Ред. Г.Ф. Стрилева.
260 ## - PUBLICATION, DISTRIBUTION, ETC.
Place of publication, distribution, etc. Иркутск :
Name of publisher, distributor, etc. Иркут. кн. изд-во,
Date of publication, distribution, etc. 1962.
300 ## - PHYSICAL DESCRIPTION
Extent 27 с. :
Other physical details рис. ;
Dimensions 20 см.
504 ## - BIBLIOGRAPHY, ETC. NOTE
Bibliography, etc. note Библиогр. в подстроч. примеч.
650 14 - SUBJECT ADDED ENTRY--TOPICAL TERM
Topical term or geographic name entry element Бахчевые культуры
650 14 - SUBJECT ADDED ENTRY--TOPICAL TERM
Topical term or geographic name entry element Горох
700 1# - ADDED ENTRY--PERSONAL NAME
Personal name Кулик, С.А.
700 1# - ADDED ENTRY--PERSONAL NAME
Personal name Стрилева, Г.Ф.
Relator term ред.
Relationship edt
Holdings
Withdrawn status Lost status Damaged status Not for loan Collection Home library Current library Date acquired Total checkouts Full call number Barcode Date last seen Price effective from Koha item type Public note
        General Fundamental Scientific Library Fundamental Scientific Library 08/11/2021   РII/66546 FL0664602 08/11/2021 08/11/2021 Գրքեր / Books 30 Days Loan


ՀՀ ԳԱԱ հիմնարար գիտական գրադարան
ՀՀ,Երևան 0019
Մարշալ Բաղրամյան 24/6
հեռախոս:(374-10) 52-47-50
Հետադարձ կապ

All site content, except where otherwise noted, is licensed under a
Creative Commons License